000 00402cam a22001457a 4500
008 180718b1972 xxu||||| |||| 00| 0 eng d
020 _a0 582 44594 9
082 _aI5 F812
100 _aFoster, Douglas
245 _aManaging for growth
_cby Doulgas Foster
260 _aLondon
_bLongman
_c1972
300 _av
500 _aContents: v.2. Practical Management, 113p
650 _aIndustrial management
999 _c344268
_d344268